| 000 -LEADER |
| fixed length control field |
00823nam a2200229Ia 4500 |
| 001 - CONTROL NUMBER |
| control field |
1780 |
| 003 - CONTROL NUMBER IDENTIFIER |
| control field |
GE_BSU |
| 008 - FIXED-LENGTH DATA ELEMENTS--GENERAL INFORMATION |
| fixed length control field |
181216s||||||||xx |||||||||||||| ||und|| |
| 040 ## - CATALOGING SOURCE |
| Transcribing agency |
GE_BSU |
| 080 ## - UNIVERSAL DECIMAL CLASSIFICATION NUMBER |
| Universal Decimal Classification number |
622.24 |
| 100 ## - MAIN ENTRY--PERSONAL NAME |
| Personal name |
Варшаломидзе, Г.Х. |
| 245 ## - TITLE STATEMENT |
| Title |
Проблемы механики бурения нефтяных и газовых скважин. |
| 260 ## - PUBLICATION, DISTRIBUTION, ETC. |
| Place of publication, distribution, etc. |
Батуми |
| 260 ## - PUBLICATION, DISTRIBUTION, ETC. |
| Name of publisher, distributor, etc. |
Аджара |
| 260 ## - PUBLICATION, DISTRIBUTION, ETC. |
| Date of publication, distribution, etc. |
2003 |
| 300 ## - PHYSICAL DESCRIPTION |
| Extent |
438 с. 23 см. |
| 653 ## - INDEX TERM--UNCONTROLLED |
| Uncontrolled term |
Проблемы механики бурения нефтяных и газовых скважин. |
| 653 ## - INDEX TERM--UNCONTROLLED |
| Uncontrolled term |
ინჟინერია |
| 653 ## - INDEX TERM--UNCONTROLLED |
| Uncontrolled term |
პრობლემა საბურღი ნავთობისა და გაზის ჭაბურღილების. |
| 942 ## - ADDED ENTRY ELEMENTS (KOHA) |
| Koha item type |
წიგნი |